El gen egoista / (Registro nro. 2329)
[ vista simple ]
| 000 -LEADER | |
|---|---|
| fixed length control field | 00586nam a2200217 a 4500 |
| 008 - CAMPO DE CONTROL (LIBRO) | |
| fixed length control field | 170223b1979 ag ||||| |||| 00| 0 spa d |
| 020 ## - INTERNATIONAL STANDARD BOOK NUMBER | |
| ISBN | 8433524186 |
| 041 ## - CODIGO DE IDIOMA | |
| Código de idioma del texto/pista de sonido o título separado | spa |
| 092 ## - SIGNATURA TOPOGRAFICA DEWEY LOCAL | |
| número de clasificación | 391 |
| libristica | 18 |
| sección | DAW |
| 100 1# - ENTRADA PRINCIPAL--NOMBRE PERSONAL | |
| Nombre personal | Dawkins, Richard |
| 9 (RLIN) | 3160 |
| 245 #3 - TITULO PROPIAMENTE DICHO | |
| Título | El gen egoista / |
| Mención de responsabilidad y remanente de la transcripción de la portada | Richard Dawkins |
| 250 ## - MENCION DE EDICION | |
| Mención de edición | 1a ed. |
| 260 ## - PIE DE IMPRENTA | |
| Lugar de publicación, distribución, etc | Barcelona: |
| Nombre de la editorial, distribuidor, etc | Labor; |
| Fecha de publicación | 1979. |
| 300 ## - DESCRIPCION FISICA | |
| Extension | 301 p. |
| 500 ## - NOTA GENERAL | |
| Nota general | Dawkins, R. (1979). El gen egoísta. (1a ed.). Barcelona : Labor. |
| 590 ## - NOTAS LOCALES (RLIN) | |
| Nota local | Donacion Dra. Dora Vera 2017 |
| 653 ## - TÉRMINO INDIZADO - PALABRAS CLAVES | |
| Palabra clave | Filosofia |
| 653 ## - TÉRMINO INDIZADO - PALABRAS CLAVES | |
| Palabra clave | Hombre |
| 653 ## - TÉRMINO INDIZADO - PALABRAS CLAVES | |
| Palabra clave | Existencia |
| 942 ## - ADDED ENTRY ELEMENTS (KOHA) | |
| Source of classification or shelving scheme | Dewey Decimal Classification |
| Item type | Libros |
| Estado de retiro | Existencia | Fuente de clasificación | Estado general | No para prestamo | Colección | Ubicación permanente | ubicación actual | Sala de ubicación | Fecha de adquisición | Fuente de adquisición | Total Checkouts | Número de clasificación | Código de barras | Date last seen | Número de ejemplar | Price effective from | Koha tipo de elemento (item) | Public note |
|---|---|---|---|---|---|---|---|---|---|---|---|---|---|---|---|---|---|---|
| Dewey Decimal Classification | Non-fiction | Biblioteca Medicina | Biblioteca Medicina | Circulación | 23/02/2017 | Donacion | 391;18;DAW | 3799 | 23/02/2017 | Ej. 1 | 23/02/2017 | Libros | Donacion Dra. Dora Vera 2017 |